Ramayana in combodia (Record no. 69039)
[ view plain ]
| 000 -LEADER | |
|---|---|
| fixed length control field | 00293nam a22001097a 4500 |
| 082 ## - DEWEY DECIMAL CLASSIFICATION NUMBER | |
| Classification number | 294/CHA |
| 100 ## - MAIN ENTRY--AUTHOR NAME | |
| Personal name | Chandra, Lokesh |
| 245 ## - TITLE STATEMENT | |
| Title | Ramayana in combodia |
| 260 ## - PUBLICATION, DISTRIBUTION, ETC. (IMPRINT) | |
| Place of publication | New Delhi |
| Name of publisher | International Academy Of Indian Culture and Aditya Prakashan |
| Year of publication | 2020 |
| 650 ## - SUBJECT ADDED ENTRY--TOPICAL TERM | |
| Topical Term | Religion |
| 942 ## - ADDED ENTRY ELEMENTS (KOHA) | |
| Koha item type | Books |
| Withdrawn status | Lost status | Damaged status | Not for loan | Home library | Current library | Date acquired | Cost, normal purchase price | Full call number | Accession Number | Price effective from | Koha item type |
|---|---|---|---|---|---|---|---|---|---|---|---|
| MACL | MACL | 10/04/2026 | 3000.00 | 294/CHA | CRB040485 | 10/04/2026 | Books |









